Score 0/24 Timer 03:00
0 Plays Today
Song Missing Word % Correct
What I Like About ___You
94.9%
Feel Like Makin' ___Love
94%
Feels Like the First ___Time
92.9%
Like a ___ StoneRolling
92.1%
Like a ___Virgin or Prayer
85.9%
Fly Like an ___Eagle
85.8%
Cuts Like a ___Knife
84.5%
Smells Like Teen ___Spirit
84%
Walk Like an ___Egyptian
83.9%
Hungry Like the ___Wolf
79.5%
I'd Like to Teach the ___ to Sing (In Perfect Harmony)World
77.8%
___ ! I Feel Like a WomanMan
74.4%
Song Missing Word % Correct
___ (Looks Like a Lady)Dude
70.1%
Rock You Like a ___Hurricane
63.5%
You Spin Me Round (Like a ___)Record
58.9%
Don't ___ Me Like ThatDo
56%
(Just Like) ___ OverStarting
37.4%
I Know What ___ LikeBoys
34%
I Don't Like ___Mondays
28.6%
Just Like ___Heaven
20.8%
Love Is Like a ___Rock
14.6%
Love Is Like ___Oxygen
14%
Feel Like a ___Number
6.2%
Like the ___Weather
3.2%

Today's Daily Dose

Remove Ads.
Support Sporcle.
Get the best of Sporcle when you Go Orange. This ad-free experience offers more features, more stats, and more fun while also helping to support Sporcle. Thank you for becoming a member.

You're not logged in!

Compare scores with friends on all Sporcle quizzes.
OR
Log In

Show Comments

Extras

Top Quizzes Today


Score Distribution

Your Account Isn't Verified!

In order to create a playlist on Sporcle, you need to verify the email address you used during registration. Go to your Sporcle Settings to finish the process.

Report this User

Report this user for behavior that violates our Community Guidelines.

Details: